<?xml version="1.0" encoding="UTF-8"?><?xml-stylesheet type="text/xsl" href="static/style.xsl"?><OAI-PMH xmlns="http://www.openarchives.org/OAI/2.0/" xmlns:xsi="http://www.w3.org/2001/XMLSchema-instance" xsi:schemaLocation="http://www.openarchives.org/OAI/2.0/ http://www.openarchives.org/OAI/2.0/OAI-PMH.xsd"><responseDate>2026-04-18T00:17:06Z</responseDate><request verb="GetRecord" identifier="oai:www.recercat.cat:20.500.12327/2626" metadataPrefix="marc">https://recercat.cat/oai/request</request><GetRecord><record><header><identifier>oai:recercat.cat:20.500.12327/2626</identifier><datestamp>2025-10-22T11:14:47Z</datestamp><setSpec>com_2072_4428</setSpec><setSpec>com_2072_4427</setSpec><setSpec>col_2072_487898</setSpec></header><metadata><record xmlns="http://www.loc.gov/MARC21/slim" xmlns:dcterms="http://purl.org/dc/terms/" xmlns:xsi="http://www.w3.org/2001/XMLSchema-instance" xmlns:doc="http://www.lyncode.com/xoai" xsi:schemaLocation="http://www.loc.gov/MARC21/slim http://www.loc.gov/standards/marcxml/schema/MARC21slim.xsd">
   <leader>00925njm 22002777a 4500</leader>
   <datafield ind2=" " ind1=" " tag="042">
      <subfield code="a">dc</subfield>
   </datafield>
   <datafield ind2=" " ind1=" " tag="720">
      <subfield code="a">Magnani, Martina</subfield>
      <subfield code="e">author</subfield>
   </datafield>
   <datafield ind2=" " ind1=" " tag="720">
      <subfield code="a">Claret, Anna</subfield>
      <subfield code="e">author</subfield>
   </datafield>
   <datafield ind2=" " ind1=" " tag="720">
      <subfield code="a">Gisbert, Enric</subfield>
      <subfield code="e">author</subfield>
   </datafield>
   <datafield ind2=" " ind1=" " tag="720">
      <subfield code="a">Guerrero, Luis</subfield>
      <subfield code="e">author</subfield>
   </datafield>
   <datafield ind2=" " ind1=" " tag="260">
      <subfield code="c">2023-12-02</subfield>
   </datafield>
   <datafield ind2=" " ind1=" " tag="520">
      <subfield code="a">In recent years, insect meal has attracted increasing interest as an innovative protein source to replace fish meal in feed formulations due to its valuable nutritional profile. This research aimed to compare the effects of different levels of dietary inclusion of the yellow mealworm beetle (T. molitor) larvae meal on the sensory quality of rainbow trout (Oncorhynchus mykiss) fillets and retrospectively on the acceptability of this protein source to consumers. The results showed that the inclusion of T. molitor larvae meal did not induce sensory changes in the trout fillets, while regarding consumer acceptability and willingness to buy and pay, it was shown that a certain level of rejection towards this alternative protein still exists. The work described in this scientific manuscript adds more knowledge on the study of consumer acceptability of this protein source.&#xd;
Keywords: insect meal; T. molitor; sensory profile; consumer expectation; consumer acceptance; Rainbow trout; Oncorhynchus mykiss; willingness to buy; willingness to pay</subfield>
   </datafield>
   <datafield ind1="8" ind2=" " tag="024">
      <subfield code="a">Magnani, M., Claret, A., Gisbert, E., &amp; Guerrero, L. 2023. "Consumer Expectation and Perception of Farmed Rainbow Trout (Oncorhynchus mykiss) Fed with Insect Meal (Tenebrio molitor)". Foods, 12(23), 4356. Doi: 10.3390/foods12234356</subfield>
   </datafield>
   <datafield ind1="8" ind2=" " tag="024">
      <subfield code="a">2304-8158</subfield>
   </datafield>
   <datafield ind1="8" ind2=" " tag="024">
      <subfield code="a">http://hdl.handle.net/20.500.12327/2626</subfield>
   </datafield>
   <datafield ind1="8" ind2=" " tag="024">
      <subfield code="a">https://doi.org/10.3390/foods12234356</subfield>
   </datafield>
   <datafield ind2="0" ind1="0" tag="245">
      <subfield code="a">Consumer Expectation and Perception of Farmed Rainbow Trout (Oncorhynchus mykiss) Fed with Insect Meal (Tenebrio molitor)</subfield>
   </datafield>
</record></metadata></record></GetRecord></OAI-PMH>